|
|
|
|
| LEADER |
00000nab a2200000 a 4500 |
| 001 |
vtls000553367 |
| 003 |
SK-MaSNL |
| 005 |
20260303014749.0 |
| 008 |
220422c1995 xo 0 slo |
| 015 |
|
|
|a SNBRB19rr/mm-uuuuu
|
| 035 |
|
|
|a CL0553505
|
| 040 |
|
|
|a SNKBUCL
|b slo
|c SNKBUCL
|e AACR2
|
| 041 |
0 |
|
|a slo
|
| 044 |
|
|
|a xo
|c SK
|
| 080 |
|
|
|a 616.24-008.89-073.756.8
|2 1981
|
| 245 |
0 |
0 |
|a Úloha počítačovej tomografie s vysokou rozlišovacou schopnosťou v diagnostike fibrotizujúcich alveolitíd ; Aut. Robert Vyšehradský, Eva Rozborilová, M. Benko, D. Pokorný, K. Adamicová
|
| 300 |
|
|
|b Obr. 6, res., angl., slov., lit. 15 zázn. v angl., franc., nem.
|
| 650 |
0 |
7 |
|a alveolitída fibrotizujúca
|2 snkbucl
|9 990984
|
| 650 |
0 |
7 |
|a tomografia počítačová
|2 snkbucl
|9 891509
|
| 655 |
|
7 |
|a články z novín a časopisov
|2 snkbucl
|9 267496
|
| 700 |
1 |
|
|a Vyšehradský, Robert,
|d 1964-
|4 aut
|9 200706
|
| 700 |
1 |
|
|a Rozborilová, Eva,
|d 1942-
|4 aut
|9 200696
|
| 700 |
1 |
|
|a Benko, M.
|4 aut
|9 783619
|
| 700 |
1 |
|
|a Pokorný, D.
|4 aut
|9 996928
|
| 700 |
1 |
|
|a Adamicová, Katarína,
|d 1953-
|4 aut
|9 185681
|
| 773 |
0 |
|
|t Studia pneumologica et phtiseologica
|g Roč. 55, č. 2 (1995), s. 104-111
|x 0371-2222
|
| 850 |
|
|
|a Slovenská národná knižnica v Martine
|a MTA001
|
| 852 |
|
|
|a SNK
|b KIS3GCP
|
| 958 |
|
|
|a NB
|
| 958 |
|
|
|a RK
|
| 958 |
|
|
|a ME
|
| 992 |
|
|
|a RBX
|
| 999 |
|
|
|c 1609295
|d 1611225
|